5 Países más Adivinados por Continente - Estadísticas

Estadísticas generales
  • Esta prueba ha sido intentada 605 veces
  • La puntuación promedio es 27 de 30
Estadísticas de respuestas
Continente País % Correcto
Europa España
99%
América del Norte Estados Unidos
98%
Europa Francia
98%
Oceanía Australia
97%
América del Norte Canadá
97%
Asia China
97%
Europa Italia
97%
América del Norte México
97%
Europa Alemania
96%
América del Sur Argentina
96%
América del Sur Brasil
96%
Asia Japón
95%
América del Sur Chile
94%
Oceanía Nueva Zelanda
94%
África Sudáfrica
94%
América del Sur Colombia
93%
África Marruecos
93%
África Egipto
92%
América del Sur Perú
90%
Asia India
88%
América del Norte Cuba
87%
Asia Corea del Sur
85%
Oceanía Fiyi
80%
Europa Portugal
79%
Oceanía Papua Nueva Guinea
76%
América del Norte Panamá
75%
África Congo/R.D Congo
72%
Asia Corea del Norte
71%
Africa Madagascar
62%
Oceanía E.F Micronesia
61%
No se encontraron pruebas coincidentes
Distribución de puntuación
Porcentaje de gente con cada puntuación
Porcentaje por número respondido
Historial de tus puntuaciones
No has intentado esta prueba.